| 000 | 01152cam a22003371i 4500 | ||
|---|---|---|---|
| 999 |
_c27285 _d27285 |
||
| 006 | m o d | ||
| 007 | cr ||||||||||| | ||
| 008 | 210805s2021 ne a o 000 0 eng d | ||
| 015 |
_aGBC1D3799 _2bnb |
||
| 016 | 7 |
_a020292133 _2Uk |
|
| 020 |
_a9780323853644 _q(ePub ebook) |
||
| 020 |
_a0323853641 _q(ePub ebook) |
||
| 020 | _q(pbk.) | ||
| 040 |
_aUKMGB _beng _erda _epn |
||
| 082 | 0 | 4 |
_a623.862 _223 |
| 100 | 1 | _aMolland, Anthony F., | |
| 245 | 1 | 0 |
_aMarine rudders, hydrofoils and control surfaces : _bprinciples, data, design and applications / _cAnthony F. Molland, Stephen R. Turnock. |
| 250 | _aSecond edition. | ||
| 260 |
_aSingapore : _bElsevier, _c2022. |
||
| 300 |
_a1 online resource : _billustrations (black and white, and colour) |
||
| 650 | 0 | _aSteering-gear. | |
| 650 | 0 |
_aShips _xHydrodynamics. |
|
| 650 | 6 | _aGouvernail. | |
| 650 | 6 |
_aNavires _xHydrodynamique. |
|
| 650 | 7 |
_aShips _xHydrodynamics. _2fast |
|
| 650 | 7 |
_aSteering-gear. _2fast |
|
| 700 | 1 |
_aTurnock, Stephen R., _eauthor. |
|
| 776 | 0 | 8 |
_iPrint version : _z9780128243787 |
| 856 | 4 | 0 | _uhttps://www.sciencedirect.com/science/book/9780128243787 |
| 942 | _cEBK | ||